00549nam a2200181Ia 4500003000400000005001700004008004100021040001800062041000800080082002100088100002100109245009700130250001200227260003900239300002400278650002800302650003700330OSt20250124104700.0210716s1968 xx 000 0 und d cAIMIT LIBRARY aeng a808.83 21bSHAR aShattuck, Roger. aBanquet years:borigins of the avant garde in France 1885 to world war /cBy Roger Shattuck. a1st ed. aNew York :bVintage books ;c1968. a397p. ;bPBc18 cm. aMontmarte piano player aScandal boredom and closet music